| Tag |
First Indicator |
Second Indicator |
Subfields |
| LEADER |
00000cam a2200000 a 4500 |
| 001 |
in00000990389 |
| 005 |
20150927154338.0 |
| 008 |
900620s1991 azu 00100 eng d |
| 010 |
|
|
|a 90007708
|
| 020 |
|
|
|a 0897745922
|
| 035 |
|
|
|a (OCoLC)21975068
|
| 035 |
|
|
|9 AEY1440AM
|
| 040 |
|
|
|a DLC
|c DLC
|d UtOrBLW
|
| 049 |
|
|
|a TXAM
|
| 050 |
0 |
0 |
|a T11
|b .B46 1991
|
| 082 |
0 |
0 |
|a 808/.0665
|2 20
|
| 245 |
0 |
0 |
|a Best science writing :
|b readings and insights /
|c edited by Robert Gannon.
|
| 264 |
|
1 |
|a Phoenix, AZ :
|b Oryx Press,
|c 1991.
|
| 300 |
|
|
|a 193 pages ;
|c 23 cm.
|
| 336 |
|
|
|a text
|b txt
|2 rdacontent
|
| 337 |
|
|
|a unmediated
|b n
|2 rdamedia
|
| 338 |
|
|
|a volume
|b nc
|2 rdacarrier
|
| 500 |
|
|
|a Includes index.
|
| 650 |
|
0 |
|a Technical writing.
|
| 650 |
|
0 |
|a Science
|v Popular works.
|
| 700 |
1 |
|
|a Gannon, Robert.
|
| 948 |
|
|
|a c:pk
|
| 999 |
|
|
|a MARS
|
| 999 |
f |
f |
|s 986e1c92-79dc-30fd-9cbf-358df5062a75
|i 424d0121-bf47-3bba-b89e-11e5563ad30a
|t 0
|
| 952 |
f |
f |
|p normal
|a Texas A&M University
|b College Station
|c Sterling C. Evans Library
|d Evans: Library Stacks
|t 0
|e T11 .B46 1991
|h Library of Congress classification
|i unmediated -- volume
|m A14815253186
|
| 952 |
f |
f |
|p normal
|a Texas A&M University
|b College Station
|c Sterling C. Evans Library
|d Evans: Curriculum Collection (4th floor)
|t 0
|e T11 .B46 1991
|h Library of Congress classification
|i unmediated -- volume
|m A14825022969
|
| 998 |
f |
f |
|a T11 .B46 1991
|t 0
|l Evans: Library Stacks
|
| 998 |
f |
f |
|a T11 .B46 1991
|t 0
|l Evans: Curriculum Collection (4th floor)
|